[Event "GER-chT U20"]
[Site "Kiel"]
[Date "2022.07.25"]
[Round "5.6"]
[White "Askerov, Imamali"]
[Black "Kulkovets, Roman"]
[Result "1-0"]
[WhiteElo "1974"]
[BlackElo "1374"]
[PlyCount "157"]
[EventDate "2022.07.22"]
[EventType "team-swiss"]
[EventRounds "7"]
[EventCountry "GER"]
[SourceTitle "CBM 209 Extra"]
[Source "ChessBase"]
[SourceDate "2022.09.30"]
[SourceVersion "1"]
[SourceVersionDate "2022.09.30"]
[SourceQuality "1"]
[WhiteTeam "Uelzen Post"]
[BlackTeam "Heilbronn"]
[WhiteTeamCountry "GER"]
[BlackTeamCountry "GER"]

1. e4 d6 2. d4 Nf6 3. Nc3 g6 4. f4 Bg7 5. Nf3 0-0 6. h3 Nfd7 7. Bc4 c6 8. 0-0 b5 9. Bb3 Nb6 10. a3 Bb7 11. e5 a6 12. Qe2 c5 13. dxc5 dxc5 14. Rd1 Qc7 15. Nd5 Nxd5 16. Bxd5 e6 17. Bxb7 Qxb7 18. Be3 Nd7 19. Nd2 Rfd8 20. c4 Bf8 21. Rac1 Rac8 22. Kh2 b4 23. a4 Nb8 24. Bf2 Nc6 25. Ne4 Nd4 26. Bxd4 Rxd4 27. Rxd4 cxd4 28. b3 Bc5 29. Qd3 Qc6 30. Rd1 Rd8 31. Qf3 Kg7 32. Rd3 a5 33. Kg3 Be7 34. Nd2 Qb6 35. Qe4 f5 36. exf6+ Bxf6 37. Nf3 Qc5 38. Qxe6 Qf5 39. Qxf5 gxf5 40. Nh4 Bxh4+ 41. Kxh4 Kf6 42. Kg3 h5 43. h4 Ke6 44. Kf3 Rd7 45. Rd2 d3 46. Ke3 Rg7 47. Kxd3 Rg3+ 48. Kd4 Rxb3 49. Kc5 Rc3 50. Kb5 b3 51. Kxa5 Rxc4 52. Rb2 Rxf4 53. Rxb3 Kd7 54. g3 Rc4 55. Kb5 Rd4 56. Rc3 f4 57. gxf4 Rxf4 58. a5 Rxh4 59. a6 Rh1 60. Ra3 Rb1+ 61. Kc5 Rb8 62. a7 Ra8 63. Kb6 Ke6 64. Rh3 Rh8 65. Rxh5 Rxh5 66. a8Q Rd5 67. Qe8+ Kf5 68. Kc6 Re5 69. Qh5+ Kf4 70. Qh4+ Kf5 71. Qf2+ Ke6 72. Qd4 Rf5 73. Qd6+ Kf7 74. Kd7 Kg7 75. Qg3+ Kh6 76. Ke6 Rg5 77. Qh4+ Rh5 78. Qf6+ Kh7 79. Kf7 1-0

[Event "GER-ch U12"]
[Site "Willingen"]
[Date "2022.06.09"]
[Round "7"]
[White "Kulkovets, Roman"]
[Black "Aweh, Mads"]
[Result "1/2-1/2"]
[WhiteElo "1099"]
[BlackElo "1438"]
[PlyCount "94"]
[EventDate "2022.06.04"]
[EventType "swiss"]
[EventRounds "9"]
[EventCountry "GER"]
[SourceTitle "CBM 208 Extra"]
[Source "ChessBase"]
[SourceDate "2022.07.31"]
[SourceVersion "1"]
[SourceVersionDate "2022.07.31"]
[SourceQuality "1"]

1. e4 c5 2. Nf3 Nc6 3. d4 cxd4 4. Nxd4 Nf6 5. Nc3 e5 6. Ndb5 d6 7. Nd5 Nxd5 8. exd5 Ne7 9. c3 Nf5 10. Qa4 Bd7 11. Bd3 Nh4 12. g3 Nf3+ 13. Ke2 a6 14. Kxf3 axb5 15. Qb4 Ra4 16. Qb3 e4+ 17. Bxe4 Qf6+ 18. Bf4 g5 19. Rhe1 Be7 20. Kg2 gxf4 21. Bf3 0-0 22. Re2 fxg3 23. hxg3 Bd8 24. Rh1 Re8 25. Qc2 Qg6 26. Rxe8+ Bxe8 27. Qe2 Bd7 28. b3 Ra8 29. Be4 f5 30. Bd3 Qe8 31. Qxe8+ Bxe8 32. Bxf5 Bg6 33. Bxg6 hxg6 34. Re1 Kf7 35. Re6 Be7 36. Re2 Bf6 37. Re6 Be5 38. f4 Bxc3 39. Rxd6 Rxa2+ 40. Kh3 Rb2 41. Rb6 Rxb3 42. Rxb7+ Kf6 43. Kg4 Be1 44. Rb6+ Kg7 45. Rb7+ Kh6 46. f5 Rxg3+ 47. Kf4 gxf5 1/2-1/2

[Event "GER-ch U12"]
[Site "Willingen"]
[Date "2022.06.05"]
[Round "1"]
[White "Kulkovets, Roman"]
[Black "Steven, Matthias"]
[Result "1-0"]
[WhiteElo "1099"]
[BlackElo "1376"]
[PlyCount "53"]
[EventDate "2022.06.04"]
[EventType "swiss"]
[EventRounds "9"]
[EventCountry "GER"]
[SourceTitle "CBM 208 Extra"]
[Source "ChessBase"]
[SourceDate "2022.07.31"]
[SourceVersion "1"]
[SourceVersionDate "2022.07.31"]
[SourceQuality "1"]

1. e4 c5 2. Nf3 Nc6 3. d4 cxd4 4. Nxd4 g6 5. Be3 Bg7 6. Nc3 Nf6 7. f3 0-0 8. Qd2 d6 9. 0-0-0 Bd7 10. g4 Nxd4 11. Bxd4 a6 12. h4 e5 13. Be3 Ne8 14. h5 Be6 15. Qh2 Nf6 16. Nd5 Bxd5 17. Rxd5 Nxd5 18. hxg6 fxg6 19. Qxh7+ Kf7 20. Bc4 Qf6 21. g5 Qxf3 22. Bxd5+ Ke8 23. Qxg6+ Kd8 24. Bb6+ Kc8 25. Qe6+ Kb8 26. Qxd6+ Kc8 27. Be6# 1-0